Les animaux dans l'histoire - Statistiques

Statistiques générales
  • Ce quiz a été pris 18 344 fois
    17 888 depuis la dernière actualisation
  • Le résultat moyen est 10 sur 16
Statistiques - réponses
Indice Animal % Correct
Premier être vivant mis en orbite autour de la Terre Chien
97%
A été accusé d'avoir transmis l'épidémie de Covid-19 Pangolin
85%
Ont assuré les transmissions, notamment pendant la Première Guerre mondiale Pigeons
84%
Fidèle compagnon d'Alexandre le Grand Cheval
79%
Compagnons d'Hannibal qui ont vaillamment franchi les Alpes Eléphants
79%
A tué Cléopâtre Serpent
78%
Napoléon Bonaparte en constitua un régiment sur place, en remplacement des chevaux, pour sa campagne d'Egypte Dromadaires
70%
Elles ont sauvé le Capitole Oies
66%
Cet animal, nommé Pelorus Jack, a guidé pendant des années les navires dans le détroit de Cook Dauphin
64%
Animal régulièrement utilisé par les armées américaine et russe pour déminer l'océan arctique; plus récemment, accusé d'espionnage au profit des Russes Béluga
53%
Originaire de Tanzanie, Magawa a été entraîné pour détecter les mines anti-personnel, travail qu'il effectua durant plusieurs années au Cambodge Cricétome
44%
Entre 1901 et 1907, en Australie, une barrière fut construite pour garder ces ravageurs hors des zones pastorales Lapins
39%
En compagnie de trois astronautes, ces cinq animaux sont les derniers Terriens à avoir orbité autour de la Lune Souris
37%
Afin d'effrayer ces derniers, les Romains en auraient envoyés d'enflammés, dits "de guerre" Cochons
32%
Contribua à une supercherie artistique, sous le nom de Joaquim-Raphaël Boronali Ane
31%
William Windsor est aspirant caporal d'un régiment d'infanterie britannique Bouc
26%
Aucun quiz correspondant
Distribution des résultats
% des personnes avec chaque résultat
Percentile par nombre de réponses
Votre historique - résultats
Vous n’avez pas pris ce quiz depuis la dernière actualisation